|
|
|
|
| LEADER |
00866cam a2200229 7i4500 |
| 001 |
0000065477 |
| 005 |
20220110090000.0 |
| 020 |
|
|
|a 9780128212189
|
| 090 |
0 |
0 |
|a QK504
|b .M53 2021
|
| 245 |
0 |
0 |
|a Microalgae :
|b cultivation, recovery of compounds and applications
|c edited by Charis M. Galanakis.
|
| 264 |
|
|
|a London:
|b Academic Press,
|c 2021.
|
| 300 |
|
|
|a 1 online resource (xi, 441 pages):
|b color illustrations, text file, PDF.
|
| 336 |
|
|
|a text
|2 rdacontent
|
| 337 |
|
|
|a computer
|2 rdamedia
|
| 338 |
|
|
|a online resource
|2 rdacarrier
|
| 650 |
0 |
0 |
|a Microalgae
|
| 655 |
0 |
0 |
|a Electronic books
|
| 700 |
1 |
|
|a Galanakis, Charis M.
|
| 856 |
4 |
2 |
|u http://library.unisel.edu.my/web/guest/mylibrary
|
| 997 |
|
|
|a Engineering & Life Sciences, Faculty
|b Science & Biotechnology, Department
|
| 998 |
|
|
|a Aquaculture, Diploma
|
| 999 |
|
|
|a EBO0010213
|b EBOOK
|c EBOOK
|e Electronic resources
|